000 00771cam a2200265u 4500
001 27516
003 BD-RjUL
005 20211209051150.0
008 140325s19651963my abc 001 0 eng d
035 _a(BD-RjUL)27590
040 _aDLC
_cCarP
_dBD-RjUL
_beng
041 _aeng
082 _a959.5
_bRYM 1965
100 1 _aRyan, N. J.
_984510
245 1 4 _aThe making of modern Malaya :
_ba history from earliest times to independence /
250 _a2d ed.
260 _aKuala Lumpur :
_bOxford University Press,
_c1965 [c1963].
300 _axv, 222 p. :
_bill., maps, ports. ;
_c22 cm.
504 _aIncludes index.
650 _aMalaysia
_984511
651 0 _aMalaysia
_xHistory.
_984512
942 _2ddc
_cBK
999 _c27516
_d27516